Bài giảng môn học trình bày thông tin xuất bản điện tử. Mã môn học: LF416001. Ngành: Khoa học thư viện
محفوظ في:
| المؤلف الرئيسي: | |
|---|---|
| التنسيق: | كتاب |
| منشور في: |
Đồng Tháp
2017
|
| الموضوعات: | |
| الوسوم: |
إضافة وسم
لا توجد وسوم, كن أول من يضع وسما على هذه التسجيلة!
|
| Thư viện lưu trữ: | Trung tâm Học liệu Lê Vũ Hùng, Trường Đại học Đồng Tháp |
|---|
| LEADER | 00934aam a22003378a 4500 | ||
|---|---|---|---|
| 001 | 00037298 | ||
| 005 | 20171026081025.0 | ||
| 008 | 170511s2017 ||||||Viesd | ||
| 041 | 0 | # | |a Vie |
| 082 | 1 | # | |a 022 |b B103GI |
| 100 | 0 | # | |a Tô, Lan Phương |
| 245 | 1 | 0 | |a Bài giảng môn học trình bày thông tin xuất bản điện tử. Mã môn học: LF416001. Ngành: Khoa học thư viện |c Tô Lan Phương |
| 260 | # | # | |a Đồng Tháp |c 2017 |
| 300 | # | # | |a 17 tr. |c 29 cm. |b Minh họa |
| 653 | # | # | |a Bài giảng |
| 653 | # | # | |a Thông tin |
| 653 | # | # | |a Xuất bản điện tử |
| 852 | # | # | |b Kho đọc |j KD.0020053 |
| 852 | # | # | |j KD.0020053 |
| 910 | |d 11/05/2017 | ||
| 980 | # | # | |a Trung tâm Học liệu Lê Vũ Hùng, Trường Đại học Đồng Tháp |